000 01589cam a22004694i 4500
003 PE-LiUPU
005 20250731173523.0
008 150616s r 000 0 d
020 _a0830817697
035 _a(Sirsi) i9780830817696
040 _aPE-LiUPU
_bspa
_cPE-LiUPU
_erda
049 _aPRUA
082 0 4 _a253.5
_bW83
_221
100 1 _aWorthington, Everett L.,
_eautor.
245 1 0 _aMarriage Counseling :
_bA christian approach to counseling couples /
_cEverett L. Worthington, Jr.
264 1 _aIllinois :
_bInterVarsity Press,
_c1989.
300 _a382 páginas :
_bilustraciones ;
_c23 centímetros.
336 _atext
_2rdacontent
337 _aunmediated
_2rdamedia
338 _avolume
_2rdacarrier
504 _aIncluye bibliografía.
505 0 _aA christian approach to counseling couples.- Understanding marriage.- Early phase of counseling troubled marriages.- Promoting commitment.
526 _aSEG42
526 _aSEG41
526 _aSEG40
526 _aSEG39
526 _aP94
526 _aP87
526 _aP86
526 _aP85
526 _aP77
526 _aP76
526 _aP35
650 1 4 _aConsejería matrimonial
_94170
650 2 4 _aConsejería pastoral
_91495
650 2 4 _aMatrimonio
_92383
_xCristianismo.
910 _ajck
942 _2ddc
_cBK
949 _a253.5 W83
_wDEWEY
_c1
_i42142
_d2016-5-20
_e2016-5-16
_lCCODEBUL1
_mBUL
_n4
_r0
_sY
_tBOOK
_u2015-6-16
_xTEOLOGIA
_zUNKNOWN
_0COMPRA
_o.STAFF. Colección General
999 _c59835
_d59835
980 _81
_gALBERTO SANCHEZ Responsable de Automatización